| 000 | 00377nam a22001217a 4500 | ||
|---|---|---|---|
| 008 | 230627b xxu||||| |||| 00| 0 eng d | ||
| 082 |
_a338.1 _bNSE 1979 |
||
| 100 | _cJoseph Nsereko | ||
| 245 |
_aSelected Causes of Agricultural Problems in a Peasant Society _bWith Examples of Uganda |
||
| 260 |
_aNairobi _bKenya Literature Bureau _c1979 |
||
| 300 | _aXIII,111p | ||
| 942 |
_2ddc _cBK |
||
| 999 |
_c2925 _d2925 |
||